| 000 | 01997nam a22002657a 4500 | ||
|---|---|---|---|
| 008 | 260109b |||||||| |||| 00| 0 eng d | ||
| 020 | _a9780756419745 | ||
| 040 | _ctbs | ||
| 041 | _aeng | ||
| 050 |
_aPS3623.I8486 _bS66 2024 |
||
| 100 |
_aWiswell, John _d1981- _926590 _eauthor |
||
| 245 |
_aSomeone you can build a nest in _b/ John Wiswell. |
||
| 260 |
_aNew York, NY : _bDAW Books, _c2024. |
||
| 300 |
_a310 pages ; _c22 cm. |
||
| 520 | _aShesheshen has made a mistake fatal to all monsters: she’s fallen in love. Shesheshen is a shapeshifter, who happily resides as an amorphous lump at the bottom of a ruined manor. When her rest is interrupted by impolite monster hunters, she constructs a body from the remains of past meals: a metal chain for a backbone, borrowed bones for limbs, and a bear trap as an extra mouth. Badly hurt by the hunters, Shesheshen’s nursed back to health by Homily, a warm-hearted human. Homily is kind and would make a great co-parent: an ideal place to lay Shesheshen’s eggs so their young can devour Homily from the inside out. But as they grow close, Shesheshen realizes that eating her girlfriend isn’t an option. Just as Shesheshen’s about to confess her identity, Homily reveals something else: she’s hunting a shapeshifting monster that supposedly cursed her family. Has Shesheshen seen it anywhere? Shesheshen didn’t curse anyone, so now she has to figure out why Homily’s twisted family thinks she did. As Shesheshen’s hunt for the monster becomes increasingly deadly, the bigger challenge remains: learning how to build a life with, rather than in, the woman she loves. | ||
| 650 | 0 |
_aBlessing and cursing _vFiction _926547 |
|
| 650 | 0 |
_aLesbians _vFiction _924049 |
|
| 650 | 0 |
_aLove _vFiction _924358 |
|
| 650 | 0 |
_aMonsters _vFiction _926140 |
|
| 650 | 0 |
_aShapeshifting _vFiction _926591 |
|
| 655 | 0 |
_aMonster fiction _926141 |
|
| 655 | 0 |
_aParanormal fiction _922925 |
|
| 655 | 0 |
_aFantasy fiction _922510 |
|
| 942 | _2lcc | ||
| 999 |
_c5204 _d5204 |
||